[Event "2MCRV_F"]
[Site "?"]
[Date "2002.??.??"]
[Round "?"]
[White "Sykora, Josef"]
[Black "Kuta, Jiri"]
[Result "1-0"]
[WhiteElo "2370"]
[BlackElo "2295"]
[PlyCount "51"]
[EventDate "2002.??.??"]
[EventType "corr"]
[SourceDate "2004.06.03"]

1. c4 Nf6 2. Nf3 g6 3. g3 Bg7 4. Bg2 d5 5. d4 c6 6. O-O O-O 7. Nbd2 dxc4 8.
Nxc4 Nbd7 9. b3 Nb6 10. Bb2 Nxc4 11. bxc4 Be6 12. Qb3 Ne4 13. d5 Nc5 14. Qb4
Bxb2 15. Qxb2 Bd7 16. Qa3 b6 17. Ne5 cxd5 18. Bxd5 Rc8 19. Qxa7 Ba4 20. Rab1 e6
21. Bf3 Qd4 22. Ng4 Qxc4 23. Qxb6 Rb8 24. Qd6 Rxb1 25. Rxb1 Qxa2 26. Rb4 1-0

[Event "2MCRV_F"]
[Site "?"]
[Date "2002.??.??"]
[Round "?"]
[White "Klima, Milos"]
[Black "Bucek, Jiri"]
[Result "0-1"]
[WhiteElo "2320"]
[BlackElo "2300"]
[PlyCount "86"]
[EventDate "2002.??.??"]
[EventType "corr"]
[SourceDate "2004.06.03"]

1. e4 e5 2. Nc3 Nf6 3. g3 c6 4. Bg2 Bb4 5. Nge2 d5 6. exd5 cxd5 7. d4 exd4 8.
Nxd4 O-O 9. O-O Bxc3 10. bxc3 Bg4 11. Qd3 Qd7 12. Bg5 Ne4 13. f3 Nxg5 14. fxg4
Nc6 15. Nf5 Rad8 16. Rad1 Rfe8 17. c4 d4 18. Bd5 b6 19. c3 Ne5 20. Qd2 h6 21.
Qxd4 Qc7 22. Kh1 Ne6 23. Qe4 Ng5 24. Qf4 Ne6 25. Nxh6+ gxh6 26. Qxh6 Qe7 27.
Rde1 Nxg4 28. Qh5 Nf6 29. Qf5 Nxd5 30. cxd5 Qb7 31. c4 Ng7 32. Qf4 Qd7 33. a4
Rxe1 34. Rxe1 Qxa4 35. Re7 Rf8 36. d6 Qd1+ 37. Kg2 Ne6 38. Qe5 Qc2+ 39. Kh3
Qxc4 40. d7 Qf1+ 41. Kh4 a5 42. Re8 Qd3 43. Rxf8+ Nxf8 0-1

[Event "2MCRV_F"]
[Site "?"]
[Date "2002.??.??"]
[Round "?"]
[White "Kostal, Jindrich"]
[Black "Skalicky, Frantisek"]
[Result "1-0"]
[WhiteElo "2305"]
[BlackElo "2305"]
[PlyCount "95"]
[EventDate "2002.??.??"]
[EventType "corr"]
[SourceDate "2004.06.03"]

1. e4 e5 2. Nf3 Nc6 3. Bb5 a6 4. Ba4 Nf6 5. O-O Be7 6. Re1 b5 7. Bb3 d6 8. c3
O-O 9. h3 Na5 10. Bc2 c5 11. d4 Qc7 12. Nbd2 Nc6 13. d5 Nd8 14. a4 Rb8 15. axb5
axb5 16. b4 Nb7 17. Nf1 Bd7 18. Qe2 Rbc8 19. Bd3 c4 20. Bc2 Ra8 21. Be3 h6 22.
Ng3 Nh7 23. Red1 Bf6 24. Qd2 Rfe8 25. Qe2 Be7 26. Nh2 Rf8 27. Rf1 Rfb8 28. Ba7
Rf8 29. Ra6 Nc5 30. Bb6 Qb7 31. Rxa8 Rxa8 32. bxc5 dxc5 33. Nf3 Qb8 34. Qe3 Qd6
35. Bxc5 Qxc5 36. Qxc5 Bxc5 37. Nxe5 Nf8 38. Bb1 f6 39. Nxd7 Nxd7 40. Rd1 Ra3
41. Ne2 Rb3 42. Kf1 Rb2 43. e5 Nxe5 44. d6 Kf8 45. Bf5 Ke8 46. f4 Nd7 47. Nd4
Ne5 48. fxe5 1-0

[Event "2MCRV_F"]
[Site "?"]
[Date "2002.??.??"]
[Round "?"]
[White "Bucek, Jiri"]
[Black "Kostal, Jindrich"]
[Result "1/2-1/2"]
[WhiteElo "2300"]
[BlackElo "2305"]
[PlyCount "39"]
[EventDate "2002.??.??"]
[EventType "corr"]
[SourceDate "2004.06.03"]

1. e4 e5 2. Nf3 Nc6 3. d4 exd4 4. Nxd4 Nf6 5. Nxc6 bxc6 6. e5 Qe7 7. Qe2 Nd5 8.
c4 Ba6 9. g3 g6 10. b3 Bg7 11. Bb2 O-O 12. Bg2 d6 13. O-O Bxe5 14. Bxe5 dxe5
15. Qd2 Nb6 16. Bxc6 Rab8 17. Qa5 Qe6 18. Bg2 Bb7 19. Bxb7 Rxb7 20. Qa6 1/2-1/2

[Event "2MCRV_F"]
[Site "?"]
[Date "2002.??.??"]
[Round "?"]
[White "Kuta, Jiri"]
[Black "Klima, Milos"]
[Result "1-0"]
[WhiteElo "2295"]
[BlackElo "2320"]
[PlyCount "67"]
[EventDate "2002.??.??"]
[EventType "corr"]
[SourceDate "2004.06.03"]

1. d4 Nf6 2. c4 e6 3. Nf3 c5 4. d5 exd5 5. cxd5 d6 6. Nc3 g6 7. Nd2 Bg7 8. e4
O-O 9. Be2 Na6 10. O-O Ne8 11. Nc4 f5 12. Re1 f4 13. Bf3 Be5 14. Nb5 Qf6 15.
Bd2 Bd7 16. Qb3 Bxb5 17. Qxb5 Rb8 18. Nxe5 dxe5 19. Bg4 Nd6 20. Qa4 Kh8 21.
Rac1 h5 22. Be2 c4 23. f3 Nc5 24. Qa3 Rbc8 25. Bxc4 Ncxe4 26. Rxe4 Nxe4 27.
fxe4 b5 28. Be2 Rxc1+ 29. Bxc1 Qb6+ 30. Kf1 b4 31. Qd3 Rf6 32. b3 Kh7 33. Bb2
Qd6 34. Qb5 1-0

[Event "2MCRV_F"]
[Site "?"]
[Date "2002.??.??"]
[Round "?"]
[White "Bures, Jilji"]
[Black "Sykora, Josef"]
[Result "1/2-1/2"]
[WhiteElo "2285"]
[BlackElo "2370"]
[PlyCount "54"]
[EventDate "2002.??.??"]
[EventType "corr"]
[SourceDate "2004.06.03"]

1. e4 c6 2. d4 d5 3. Nc3 dxe4 4. Nxe4 Nd7 5. Nf3 Ngf6 6. Nxf6+ Nxf6 7. Ne5 Be6
8. Be2 g6 9. O-O Bg7 10. c3 O-O 11. Re1 Qb6 12. Nd3 Rad8 13. Nc5 Bc8 14. Bc4
Rde8 15. Nd3 Bg4 16. Qb3 Qxb3 17. Bxb3 Bf5 18. Ne5 Nd5 19. Bd2 Rd8 20. Rad1
Rfe8 21. h3 Kf8 22. g4 Bc8 23. Kg2 Be6 24. f4 Nc7 25. Bxe6 Nxe6 26. Be3 Nc7 27.
Kf3 Nd5 1/2-1/2

[Event "2MCRV_F"]
[Site "?"]
[Date "2002.??.??"]
[Round "?"]
[White "Vondracek, Emil"]
[Black "Dotlacil, Ladislav"]
[Result "0-1"]
[WhiteElo "2285"]
[BlackElo "2410"]
[PlyCount "70"]
[EventDate "2002.??.??"]
[EventType "corr"]
[SourceDate "2004.06.03"]

1. e4 e6 2. d4 d5 3. Nc3 Bb4 4. exd5 exd5 5. Nf3 Bg4 6. h3 Bh5 7. Bd3 Nc6 8.
Be3 Nge7 9. a3 Bd6 10. Kd2 a6 11. Re1 f6 12. Qe2 Qd7 13. Rad1 f5 14. Kc1 f4 15.
g4 fxg3 16. fxg3 Bxg3 17. Rh1 O-O 18. Rdf1 Bf4 19. Bxf4 Rxf4 20. Rhg1 Bxf3 21.
Rxf3 Rxf3 22. Qxf3 Nxd4 23. Qg2 Ne6 24. Qg4 Rf8 25. Re1 Rf6 26. Qh5 h6 27. Qg4
c5 28. Kb1 b5 29. h4 Qd6 30. h5 Ng5 31. Rd1 Qe5 32. Qg1 Ne6 33. Qh1 c4 34. Re1
Qd6 35. Be2 Ng5 0-1

[Event "2MCRV_F"]
[Site "?"]
[Date "2002.??.??"]
[Round "?"]
[White "Nosek, Jaroslav"]
[Black "Koukal, Vladimir"]
[Result "1-0"]
[WhiteElo "2275"]
[BlackElo "2225"]
[PlyCount "55"]
[EventDate "2002.??.??"]
[EventType "corr"]
[SourceDate "2004.06.03"]

1. e4 e5 2. Nf3 Nc6 3. Bb5 a6 4. Ba4 Nf6 5. O-O Nxe4 6. d4 b5 7. Bb3 d5 8. dxe5
Be6 9. Nbd2 Nc5 10. c3 Bg4 11. Bc2 Be7 12. Re1 O-O 13. Nb3 Ne4 14. Bf4 Re8 15.
h3 Bh5 16. a4 bxa4 17. Rxa4 Ng5 18. Bxg5 Bxg5 19. g4 Bg6 20. Bxg6 hxg6 21. Nc5
Be7 22. e6 f6 23. Nd7 Bd6 24. Qxd5 Ne7 25. Qd3 Qc8 26. g5 f5 27. Rh4 Qb7 28.
Nfe5 1-0

[Event "2MCRV_F"]
[Site "?"]
[Date "2002.??.??"]
[Round "?"]
[White "Kuchta, Jiri"]
[Black "Kolarik, Josef"]
[Result "1/2-1/2"]
[WhiteElo "2270"]
[BlackElo "2230"]
[PlyCount "80"]
[EventDate "2002.??.??"]
[EventType "corr"]
[SourceDate "2004.06.03"]

1. e4 e5 2. Nf3 Nc6 3. Bc4 Bc5 4. b4 Bxb4 5. c3 Ba5 6. d4 d6 7. dxe5 dxe5 8.
Qxd8+ Nxd8 9. Nxe5 Be6 10. Bd3 Nf6 11. h3 Nd7 12. Nxd7 Bxd7 13. Be3 Ne6 14. Ke2
O-O-O 15. f3 a6 16. g3 Rhe8 17. a4 f5 18. Ra3 Bb6 19. Bxb6 cxb6 20. Nd2 Nc5 21.
Bc2 fxe4 22. Nxe4 Bf5 23. Ke3 Re6 24. Re1 Bxh3 25. Kf2 Rd3 26. Ke2 Rd5 27. Kf2
Bf5 28. c4 Nxe4+ 29. Bxe4 Rd2+ 30. Ke3 Rd7 31. Raa1 Bxe4 32. fxe4 Rg6 33. Rg1
Kc7 34. g4 Kc6 35. g5 Kc5 36. Rac1 h6 37. gxh6 Rxg1 38. Rxg1 gxh6 39. e5 h5 40.
Ke4 h4 1/2-1/2

[Event "2MCRV_F"]
[Site "?"]
[Date "2002.??.??"]
[Round "?"]
[White "Pytlik, Lesek"]
[Black "Nevole, Milan"]
[Result "1-0"]
[WhiteElo "2260"]
[BlackElo "2240"]
[PlyCount "69"]
[EventDate "2002.??.??"]
[EventType "corr"]
[SourceDate "2004.06.03"]

1. Nf3 d5 2. g3 Nf6 3. Bg2 c6 4. O-O Bg4 5. d4 e6 6. Nbd2 Be7 7. c4 Nbd7 8. h3
Bh5 9. b3 Qc7 10. Re1 Bb4 11. Bb2 O-O 12. a3 Be7 13. e4 dxe4 14. Nxe4 Nxe4 15.
Rxe4 Rad8 16. Re1 Bg6 17. Qe2 Rfe8 18. Rad1 Bf5 19. b4 a5 20. c5 axb4 21. axb4
h6 22. b5 Ra8 23. Ra1 Bf6 24. b6 Qb8 25. Rxa8 Qxa8 26. Ra1 Qb8 27. Ra7 e5 28.
Nxe5 Bxe5 29. dxe5 Nxc5 30. Qe3 Nd3 31. Bc3 Nxe5 32. Bxe5 Rxe5 33. Rxb7 Qd6 34.
Qf4 g5 35. Qc4 1-0

[Event "2MCRV_F"]
[Site "?"]
[Date "2002.??.??"]
[Round "?"]
[White "Valak, Alois"]
[Black "Pavlicek, Jan"]
[Result "1-0"]
[WhiteElo "2260"]
[BlackElo "2250"]
[PlyCount "49"]
[EventDate "2002.??.??"]
[EventType "corr"]
[SourceDate "2004.06.03"]

1. e4 e6 2. d4 c5 3. d5 exd5 4. exd5 d6 5. Nf3 Be7 6. Bb5+ Nd7 7. c4 Ngf6 8.
Nc3 O-O 9. O-O Nb6 10. Na4 Nbd7 11. Qb3 Ng4 12. Bf4 Nde5 13. Nxc5 Nxf3+ 14.
gxf3 Nxh2 15. Nxb7 Nxf3+ 16. Qxf3 Bxb7 17. Rfe1 Bh4 18. Re3 Qf6 19. Rae1 a6 20.
Ba4 Rac8 21. b3 Qg6+ 22. Qg2 Rcd8 23. a3 Bc8 24. Qxg6 hxg6 25. b4 1-0

[Event "2MCRV_F"]
[Site "?"]
[Date "2002.??.??"]
[Round "?"]
[White "Nevole, Milan"]
[Black "Valak, Alois"]
[Result "1-0"]
[WhiteElo "2240"]
[BlackElo "2260"]
[PlyCount "31"]
[EventDate "2002.??.??"]
[EventType "corr"]
[SourceDate "2004.06.03"]

1. d4 d5 2. c4 dxc4 3. Nf3 e6 4. e4 b5 5. a4 c6 6. axb5 cxb5 7. b3 Bb7 8. bxc4
bxc4 9. Bxc4 Bxe4 10. O-O Nf6 11. Ne5 Bd6 12. Nc3 Bb7 13. Qb3 Qb6 14. Bb5+ Nc6
15. Ba3 Bxe5 16. dxe5 1-0

[Event "2MCRV_F"]
[Site "?"]
[Date "2002.??.??"]
[Round "?"]
[White "Kolarik, Josef"]
[Black "Pytlik, Lesek"]
[Result "1/2-1/2"]
[WhiteElo "2230"]
[BlackElo "2260"]
[PlyCount "53"]
[EventDate "2002.??.??"]
[EventType "corr"]
[SourceDate "2004.06.03"]

1. d4 Nf6 2. c4 e6 3. Nf3 b6 4. g3 Bb7 5. Bg2 Be7 6. Nc3 Ne4 7. Bd2 c5 8. d5
exd5 9. cxd5 Nxd2 10. Nxd2 O-O 11. O-O d6 12. Nc4 Nd7 13. a4 a6 14. f4 Qc7 15.
Re1 Rae8 16. e4 Bf6 17. h3 g6 18. Qf3 Bc8 19. Kh2 Bg7 20. Re2 Qb8 21. Rae1 h6
22. b3 Bb7 23. Qd3 Ba8 24. e5 dxe5 25. f5 b5 26. axb5 axb5 27. Ne3 1/2-1/2

[Event "2MCRV_F"]
[Site "?"]
[Date "2002.??.??"]
[Round "?"]
[White "Koukal, Vladimir"]
[Black "Kuchta, Jiri"]
[Result "1/2-1/2"]
[WhiteElo "2225"]
[BlackElo "2270"]
[PlyCount "54"]
[EventDate "2002.??.??"]
[EventType "corr"]
[SourceDate "2004.06.03"]

1. e4 c5 2. Nf3 d6 3. d4 cxd4 4. Nxd4 Nf6 5. Nc3 g6 6. Be3 Bg7 7. f3 O-O 8. Be2
Nc6 9. O-O d5 10. Nxc6 bxc6 11. exd5 Nxd5 12. Nxd5 cxd5 13. c3 Rb8 14. Qd2 Qa5
15. b4 Qc7 16. Rac1 Rd8 17. a3 Bf5 18. Bd4 e5 19. Bc5 Rbc8 20. Rfe1 a5 21. Bb5
Qb7 22. Ba4 Ra8 23. Bb3 axb4 24. axb4 Ra3 25. Qb2 Ra6 26. Ra1 Rxa1 27. Rxa1 Be6
1/2-1/2

[Event "2MCRV_F"]
[Site "?"]
[Date "2002.??.??"]
[Round "?"]
[White "Dotlacil, Ladislav"]
[Black "Nosek, Jaroslav"]
[Result "1/2-1/2"]
[WhiteElo "2410"]
[BlackElo "2275"]
[PlyCount "35"]
[EventDate "2002.??.??"]
[EventType "corr"]
[SourceDate "2004.06.03"]

1. d4 d5 2. Nf3 Nf6 3. c4 dxc4 4. Nc3 a6 5. e4 b5 6. e5 Nd5 7. a4 e6 8. axb5
Bb4 9. Bd2 Nb6 10. bxa6 Bxa6 11. Be2 Nc6 12. Bg5 Qd7 13. O-O O-O 14. Be3 Ne7
15. Qc2 Nf5 16. Ng5 h6 17. Nf3 c5 18. Rfd1 1/2-1/2

[Event "2MCRV_F"]
[Site "?"]
[Date "2002.??.??"]
[Round "?"]
[White "Sykora, Josef"]
[Black "Vondracek, Emil"]
[Result "1-0"]
[WhiteElo "2370"]
[BlackElo "2285"]
[PlyCount "51"]
[EventDate "2002.??.??"]
[EventType "corr"]
[SourceDate "2004.06.03"]

1. c4 Nf6 2. Nf3 e6 3. d4 d5 4. Nc3 dxc4 5. e4 Be7 6. Bxc4 O-O 7. O-O a6 8. Bb3
Nc6 9. Re1 h6 10. a3 Re8 11. Bf4 b5 12. Rc1 g5 13. Bg3 g4 14. d5 exd5 15. Nxd5
Bb7 16. Bxc7 Qc8 17. Ne5 Nxd5 18. Bxd5 Kh7 19. Bb6 Bd8 20. Bxd8 Rxd8 21. Nxc6
Bxc6 22. Rxc6 Qxc6 23. Bxc6 Rxd1 24. Rxd1 Rg8 25. Bd5 Rd8 26. Bb3 1-0

[Event "2MCRV_F"]
[Site "?"]
[Date "2002.??.??"]
[Round "?"]
[White "Klima, Milos"]
[Black "Bures, Jilji"]
[Result "0-1"]
[WhiteElo "2320"]
[BlackElo "2285"]
[PlyCount "66"]
[EventDate "2002.??.??"]
[EventType "corr"]
[SourceDate "2004.06.03"]

1. e4 c5 2. Nf3 Nc6 3. d3 g6 4. g3 Bg7 5. Bg2 d6 6. O-O Nf6 7. c3 O-O 8. Nbd2
Rb8 9. a4 a6 10. h3 b5 11. axb5 axb5 12. d4 Nd7 13. d5 Na5 14. Nb3 Nxb3 15.
Qxb3 c4 16. Qc2 Nc5 17. Be3 Qc7 18. Nd2 e6 19. dxe6 Bxe6 20. Nf3 b4 21. Nd4 Bd7
22. f4 Rfe8 23. f5 Nd3 24. f6 Bf8 25. Bf4 bxc3 26. bxc3 Rb2 27. Qd1 Qc8 28. g4
Nxf4 29. Rxf4 Bh6 30. Qf3 Qb8 31. Rf1 Rd2 32. h4 Bxf4 33. Qxf4 Qb2 0-1

[Event "2MCRV_F"]
[Site "?"]
[Date "2002.??.??"]
[Round "?"]
[White "Kostal, Jindrich"]
[Black "Kuta, Jiri"]
[Result "1-0"]
[WhiteElo "2305"]
[BlackElo "2295"]
[PlyCount "81"]
[EventDate "2002.??.??"]
[EventType "corr"]
[SourceDate "2004.06.03"]

1. e4 c5 2. Nf3 Nc6 3. d4 cxd4 4. Nxd4 Nf6 5. Nc3 e5 6. Ndb5 d6 7. Bg5 a6 8.
Na3 b5 9. Nd5 Be7 10. Bxf6 Bxf6 11. c3 Ne7 12. Nxf6+ gxf6 13. c4 Qa5+ 14. Qd2
Qxd2+ 15. Kxd2 b4 16. Nc2 Rb8 17. Bd3 f5 18. exf5 Bxf5 19. Bxf5 Nxf5 20. b3 Rb6
21. Rhd1 Rg8 22. g3 Ke7 23. a3 bxa3 24. Rxa3 Ke6 25. Kc3 Ra8 26. f4 h5 27. Rda1
f6 28. Nb4 Nd4 29. Nd5 Rc6 30. f5+ Nxf5 31. Rf1 Rac8 32. Kd2 e4 33. Kc3 Rc5 34.
Nf4+ Kf7 35. Rxa6 Re5 36. Nxh5 e3 37. Nf4 d5 38. g4 Ne7 39. Nd3 Re6 40. Rxe6
Kxe6 41. Rf3 1-0

[Event "2MCRV_F"]
[Site "?"]
[Date "2002.??.??"]
[Round "?"]
[White "Skalicky, Frantisek"]
[Black "Bucek, Jiri"]
[Result "1/2-1/2"]
[WhiteElo "2305"]
[BlackElo "2300"]
[PlyCount "32"]
[EventDate "2002.??.??"]
[EventType "corr"]
[SourceDate "2004.06.03"]

1. e4 e5 2. Nf3 Nc6 3. Bb5 a6 4. Ba4 Nf6 5. O-O Be7 6. Re1 b5 7. Bb3 d6 8. c3
O-O 9. h3 Bb7 10. d4 Nd7 11. Nbd2 exd4 12. cxd4 Bf6 13. Bd5 Nb6 14. Bxc6 Bxc6
15. Nb3 Nc4 16. d5 Bd7 1/2-1/2

[Event "2MCRV_F"]
[Site "?"]
[Date "2002.??.??"]
[Round "?"]
[White "Kuta, Jiri"]
[Black "Skalicky, Frantisek"]
[Result "1/2-1/2"]
[WhiteElo "2295"]
[BlackElo "2305"]
[PlyCount "109"]
[EventDate "2002.??.??"]
[EventType "corr"]
[SourceDate "2004.06.03"]

1. d4 Nf6 2. c4 e6 3. Nf3 Bb4+ 4. Nbd2 b6 5. a3 Bxd2+ 6. Qxd2 a5 7. b3 O-O 8.
e3 Bb7 9. Be2 d6 10. O-O Nbd7 11. Bb2 Re8 12. Rad1 Qe7 13. Qc2 Be4 14. Qc3 c6
15. Ne1 Bg6 16. f3 d5 17. Nd3 Reb8 18. cxd5 cxd5 19. Rc1 b5 20. Rfe1 Bxd3 21.
Qxd3 b4 22. Ra1 Rc8 23. Rec1 h6 24. Rxc8+ Rxc8 25. Qd2 Nb8 26. axb4 axb4 27.
Bb5 Nc6 28. Rc1 Na7 29. Rxc8+ Nxc8 30. Qc2 Na7 31. Ba4 Qb7 32. Qc5 Nc8 33. Bc1
Nd7 34. Bxd7 Qxd7 35. Bd2 Nd6 36. Bxb4 Nf5 37. g4 Nh4 38. Kf2 Ng6 39. Ba5 Kh7
40. h3 Qe8 41. f4 Qb8 42. Qc2 Kg8 43. Qc3 Qb7 44. Bd8 Qa8 45. Ba5 Nf8 46. h4
Qa6 47. b4 h5 48. gxh5 Nd7 49. Bd8 Qa8 50. Be7 Qa2+ 51. Ke1 Nb6 52. Qd2 Qb3 53.
Kf2 Nc4 54. Qe2 Kh7 55. Kf3 1/2-1/2

[Event "2MCRV_F"]
[Site "?"]
[Date "2002.??.??"]
[Round "?"]
[White "Bures, Jilji"]
[Black "Kostal, Jindrich"]
[Result "1/2-1/2"]
[WhiteElo "2285"]
[BlackElo "2305"]
[PlyCount "62"]
[EventDate "2002.??.??"]
[EventType "corr"]
[SourceDate "2004.06.03"]

1. e4 e5 2. Nf3 Nc6 3. Bb5 a6 4. Ba4 Nf6 5. O-O Be7 6. Re1 b5 7. Bb3 d6 8. c3
O-O 9. h3 Nb8 10. d4 Nbd7 11. Bg5 Bb7 12. Nbd2 h6 13. Bh4 Re8 14. Bg3 Bf8 15.
Bc2 g6 16. a4 Bg7 17. Bd3 c6 18. Qb3 Qb6 19. axb5 axb5 20. Bh2 Ba6 21. Qc2 c5
22. dxe5 dxe5 23. c4 b4 24. Nf1 Nh5 25. Ne3 Nf4 26. Bf1 Ra7 27. Nd5 Nxd5 28.
cxd5 Bxf1 29. Rxa7 Qxa7 30. Rxf1 Qa2 31. Nd2 c4 1/2-1/2

[Event "2MCRV_F"]
[Site "?"]
[Date "2002.??.??"]
[Round "?"]
[White "Vondracek, Emil"]
[Black "Klima, Milos"]
[Result "1/2-1/2"]
[WhiteElo "2285"]
[BlackElo "2320"]
[PlyCount "90"]
[EventDate "2002.??.??"]
[EventType "corr"]
[SourceDate "2004.06.03"]

1. e4 c6 2. d4 d5 3. e5 Bf5 4. Nc3 Qb6 5. Nf3 e6 6. Be2 Nd7 7. O-O Ne7 8. b3 f6
9. Re1 Ng6 10. Bd3 Bxd3 11. Qxd3 fxe5 12. dxe5 Be7 13. Na4 Qb4 14. Bd2 Qg4 15.
h3 Qh5 16. Rad1 Nh4 17. Nxh4 Bxh4 18. c4 O-O 19. Be3 Nxe5 20. Qe2 Qxe2 21. Rxe2
Nd7 22. Nc5 Nxc5 23. Bxc5 Rfe8 24. Kf1 a6 25. Bd6 Kf7 26. c5 Be7 27. Bxe7 Kxe7
28. Rd4 Kd7 29. Re5 Rf8 30. Rh5 h6 31. Rg4 Rf7 32. Ke2 Re8 33. f4 Ree7 34. Kd3
Rf5 35. Rxf5 exf5 36. Rg6 a5 37. a3 Kc7 38. g4 fxg4 39. hxg4 Kd7 40. f5 Rf7 41.
b4 axb4 42. axb4 Ke7 43. Re6+ Kd7 44. Rg6 Kc7 45. b5 cxb5 1/2-1/2

[Event "2MCRV_F"]
[Site "?"]
[Date "2002.??.??"]
[Round "?"]
[White "Nosek, Jaroslav"]
[Black "Sykora, Josef"]
[Result "1-0"]
[WhiteElo "2275"]
[BlackElo "2370"]
[PlyCount "78"]
[EventDate "2002.??.??"]
[EventType "corr"]
[SourceDate "2004.06.03"]

1. e4 c6 2. d4 d5 3. e5 Bf5 4. Be3 e6 5. c3 Nd7 6. Nd2 Ne7 7. f4 f6 8. Be2 Qc7
9. Ngf3 O-O-O 10. O-O h6 11. a4 Be4 12. a5 g5 13. fxg5 Nf5 14. Bf2 hxg5 15. g4
Bxf3 16. Nxf3 Nh6 17. Bg3 Be7 18. c4 fxe5 19. cxd5 exd5 20. a6 b6 21. Nxe5 Bd6
22. Qc2 Rde8 23. Rac1 Nxe5 24. dxe5 Bxe5 25. Qxc6 Qxc6 26. Rxc6+ Kb8 27. Bxe5+
Rxe5 28. Bf3 Nf7 29. Rf6 Re7 30. Bxd5 Ne5 31. h3 Nd3 32. Rf7 Rhe8 33. R1f5 Nf4
34. Bc4 Nxh3+ 35. Kh2 Nf4 36. Rxe7 Rxe7 37. Rxg5 Ne2 38. Rg8+ Kc7 39. Ra8 Kc6
1-0

[Event "2MCRV_F"]
[Site "?"]
[Date "2002.??.??"]
[Round "?"]
[White "Kuchta, Jiri"]
[Black "Dotlacil, Ladislav"]
[Result "1/2-1/2"]
[WhiteElo "2270"]
[BlackElo "2410"]
[PlyCount "46"]
[EventDate "2002.??.??"]
[EventType "corr"]
[SourceDate "2004.06.03"]

1. c4 Nf6 2. Nc3 c5 3. Nf3 e6 4. d4 cxd4 5. Nxd4 d5 6. e3 a6 7. Qa4+ Bd7 8. Qb3
Nc6 9. cxd5 exd5 10. Bd3 Bc5 11. O-O Na5 12. Qc2 Nc6 13. Nxc6 Bxc6 14. e4 d4
15. Nd5 Nd7 16. b4 Ba7 17. Bf4 Rc8 18. Qd2 O-O 19. a4 a5 20. Rfe1 axb4 21. Bd6
Re8 22. Qxb4 Ne5 23. Bf1 Ng6 1/2-1/2

[Event "2MCRV_F"]
[Site "?"]
[Date "2002.??.??"]
[Round "?"]
[White "Pytlik, Lesek"]
[Black "Koukal, Vladimir"]
[Result "1/2-1/2"]
[WhiteElo "2260"]
[BlackElo "2225"]
[PlyCount "77"]
[EventDate "2002.??.??"]
[EventType "corr"]
[SourceDate "2004.06.03"]

1. e4 e5 2. Nf3 Nc6 3. d3 Nf6 4. g3 Bc5 5. Bg2 d6 6. Nc3 a6 7. O-O h6 8. h3 Nd4
9. Nxd4 exd4 10. Ne2 O-O 11. c3 dxc3 12. bxc3 Re8 13. Bd2 c6 14. Nf4 b5 15. a4
Bd7 16. Re1 Bb6 17. Qf3 Qc7 18. Ne2 d5 19. exd5 Nxd5 20. c4 Ne7 21. axb5 axb5
22. Rxa8 Rxa8 23. Bb4 Ng6 24. cxb5 Ra4 25. bxc6 Ne5 26. Qf4 Rxb4 27. Qxb4 Bxf2+
28. Kf1 Bxe1 29. Qb7 Ba5 30. cxd7 Nxd7 31. Qa8+ Qd8 32. Qxd8+ Bxd8 33. Nc3 Kf8
34. Ke2 f5 35. d4 Nf6 36. Bc6 Bc7 37. Kf3 Ke7 38. Bb7 g6 39. Nb5 1/2-1/2

[Event "2MCRV_F"]
[Site "?"]
[Date "2002.??.??"]
[Round "?"]
[White "Valak, Alois"]
[Black "Kolarik, Josef"]
[Result "1/2-1/2"]
[WhiteElo "2260"]
[BlackElo "2230"]
[PlyCount "63"]
[EventDate "2002.??.??"]
[EventType "corr"]
[SourceDate "2004.06.03"]

1. e4 e5 2. Nf3 Nc6 3. Bb5 a6 4. Ba4 Nf6 5. O-O Be7 6. Re1 b5 7. Bb3 d6 8. c3
O-O 9. h3 Re8 10. d4 h6 11. a4 Bd7 12. a5 Bf8 13. d5 Ne7 14. c4 c5 15. Bd2 b4
16. Bc2 Ng6 17. Be3 Nh7 18. Nbd2 Be7 19. Ba4 Bxa4 20. Rxa4 Bg5 21. Nxg5 Nxg5
22. Ra1 Rf8 23. b3 Rb8 24. Qg4 Nh7 25. Qg3 Nf6 26. Qf3 Qe7 27. g3 Rb7 28. Nf1
Qd7 29. g4 Nh7 30. Kh2 Ng5 31. Bxg5 hxg5 32. Ne3 1/2-1/2

[Event "2MCRV_F"]
[Site "?"]
[Date "2002.??.??"]
[Round "?"]
[White "Pavlicek, Jan"]
[Black "Nevole, Milan"]
[Result "0-1"]
[WhiteElo "2250"]
[BlackElo "2240"]
[PlyCount "40"]
[EventDate "2002.??.??"]
[EventType "corr"]
[SourceDate "2004.06.03"]

1. e4 c5 2. Nc3 Nc6 3. g3 g6 4. Bg2 Bg7 5. d3 d6 6. f4 e6 7. Nf3 Nge7 8. O-O
O-O 9. Be3 Nd4 10. Bf2 Nec6 11. Nxd4 cxd4 12. Ne2 e5 13. h3 Be6 14. c3 dxc3 15.
bxc3 Qd7 16. fxe5 dxe5 17. g4 Rfd8 18. Nc1 Rac8 19. Qf3 b5 20. Bh4 Nd4 0-1

[Event "2MCRV_F"]
[Site "?"]
[Date "2002.??.??"]
[Round "?"]
[White "Kolarik, Josef"]
[Black "Pavlicek, Jan"]
[Result "1-0"]
[WhiteElo "2230"]
[BlackElo "2250"]
[PlyCount "35"]
[EventDate "2002.??.??"]
[EventType "corr"]
[SourceDate "2004.06.03"]

1. d4 e6 2. e4 c5 3. Nf3 cxd4 4. Nxd4 a6 5. Nc3 Qc7 6. Bd3 b5 7. O-O Bb7 8. Re1
Bd6 9. Nf3 Bc5 10. e5 f5 11. Ng5 Qc6 12. Qh5+ g6 13. Qh3 Qb6 14. Be3 Nc6 15.
Bxf5 Bxe3 16. Rxe3 exf5 17. Nd5 Qd4 18. Nc7+ 1-0

[Event "2MCRV_F"]
[Site "?"]
[Date "2002.??.??"]
[Round "?"]
[White "Koukal, Vladimir"]
[Black "Valak, Alois"]
[Result "0-1"]
[WhiteElo "2225"]
[BlackElo "2260"]
[PlyCount "106"]
[EventDate "2002.??.??"]
[EventType "corr"]
[SourceDate "2004.06.03"]

1. e4 c6 2. d4 d5 3. exd5 cxd5 4. c4 Nf6 5. Nc3 e6 6. Nf3 Bb4 7. cxd5 Nxd5 8.
Bd2 Nc6 9. Bd3 O-O 10. O-O Be7 11. Nxd5 exd5 12. Qb3 Bf6 13. Rac1 Bg4 14. Qxb7
Nxd4 15. Nxd4 Bxd4 16. Qb4 Qb6 17. Qa4 Rac8 18. Rxc8 Bxc8 19. b3 Kh8 20. Qb4
Rd8 21. Qe7 f6 22. Qe1 Qd6 23. Qe2 g6 24. Ba5 Rg8 25. Rc1 Be6 26. Qd2 Be5 27.
g3 Qd7 28. f4 Bd4+ 29. Kh1 Bg4 30. Be2 Bxe2 31. Qxd4 Rf8 32. Kg1 Rf7 33. Qd2
Bg4 34. Bc3 Kg7 35. Bd4 Re7 36. Qc3 Qf5 37. Qc5 Qe4 38. Be5 Rd7 39. Bc3 Bh3 40.
Qf2 d4 41. Re1 Qd5 42. Bd2 Rc7 43. Re8 Bc8 44. Qg2 Qxg2+ 45. Kxg2 Rc2 46. Kf3
Ba6 47. Re7+ Kg8 48. Rxa7 Rxa2 49. Ke4 Bd3+ 50. Kxd3 Rxa7 51. Kxd4 Ra2 52. Kd3
f5 53. Kc3 Kf7 0-1

[Event "2MCRV_F"]
[Site "?"]
[Date "2002.??.??"]
[Round "?"]
[White "Dotlacil, Ladislav"]
[Black "Pytlik, Lesek"]
[Result "0-1"]
[WhiteElo "2410"]
[BlackElo "2260"]
[PlyCount "66"]
[EventDate "2002.??.??"]
[EventType "corr"]
[SourceDate "2004.06.03"]

1. d4 Nf6 2. Nf3 d5 3. e3 c5 4. c4 e6 5. Nc3 Nc6 6. a3 cxd4 7. exd4 Be7 8. c5
Ne4 9. Bb5 O-O 10. Bxc6 bxc6 11. Ne5 Bf6 12. Nxc6 Qc7 13. Nb4 a5 14. Nd3 Bxd4
15. Nb5 Bxf2+ 16. Nxf2 Qxc5 17. Nxe4 Qxb5 18. Nc3 Qb6 19. Na4 Qa7 20. Qb3 Qd4
21. Nb6 Rb8 22. Be3 Qe4 23. O-O d4 24. Bd2 Ba6 25. Rfe1 Qf5 26. Rac1 Rb7 27. a4
Rfb8 28. Rc6 h6 29. Rec1 Kh7 30. h3 Be2 31. Rd6 d3 32. Be3 Qe4 33. Bd2 Rxb6 0-1